Rozprava k medzinárodnej spolupráci a novovzniknutému spoločenstvu v "ére globalizácie"
Problematika globalizácie sa stáva ťažiskom komunikácie v rámci relevantných tém. Medzinárodné spoločenstvo a partnerské vzťahy v globalizujúcom sa svete. Aké sú nové ciele a formy medzinárodnej kooperácie v ére globalizácie. Akí sú potenciálni noví partneri. Problematika vzdelávania dospelých spolu...
Salvato in:
| Autore principale: | |
|---|---|
| Altri autori: | , |
| Natura: | Capitolo di libro |
| Lingua: | slovacco |
| Tags: |
Nessun Tag, puoi essere il primo ad aggiungerne!!
|
MARC
| LEADER | 00000naa$a2200000$$$4500 | ||
|---|---|---|---|
| 001 | 0035316 | ||
| 005 | 20230918124841.7 | ||
| 041 | 0 | |a slo | |
| 044 | |a SK | ||
| 245 | 1 | 0 | |a Rozprava k medzinárodnej spolupráci a novovzniknutému spoločenstvu v "ére globalizácie" |c Marcie Boucouvalas, John A. Henschke ; prekl. Elena Malíková |
| 520 | |a Problematika globalizácie sa stáva ťažiskom komunikácie v rámci relevantných tém. Medzinárodné spoločenstvo a partnerské vzťahy v globalizujúcom sa svete. Aké sú nové ciele a formy medzinárodnej kooperácie v ére globalizácie. Akí sú potenciálni noví partneri. Problematika vzdelávania dospelých spolupracovníkov v rámci rozvoja globalizácie. | ||
| 100 | 1 | |a Boucouvalas, Marcie | |
| 700 | 1 | |a Henschke, John A. | |
| 700 | 1 | |a Malíková, Elena | |